Superstitiousness : Its personality correlates among the college teachers (Record no. 21907)
[ view plain ]
| 000 -LEADER | |
|---|---|
| fixed length control field | 00571nam a2200193Ia 4500 |
| 082 ## - DEWEY DECIMAL CLASSIFICATION NUMBER | |
| Classification number | TS.0605 |
| 100 ## - MAIN ENTRY--AUTHOR NAME | |
| Personal name | Singh, E.L. |
| 245 #0 - TITLE STATEMENT | |
| Title | Superstitiousness : Its personality correlates among the college teachers |
| 260 ## - PUBLICATION, DISTRIBUTION, ETC. (IMPRINT) | |
| Year of publication | 1979 |
| Name of publisher | Nagpur University |
| 300 ## - PHYSICAL DESCRIPTION | |
| Number of Pages | 149p. + C D - 58 |
| 650 ## - SUBJECT ADDED ENTRY--TOPICAL TERM | |
| Topical Term | CREDULITY///SUPERSTITION |
| 650 ## - SUBJECT ADDED ENTRY--TOPICAL TERM | |
| Topical Term | TRADITIONS//SUPERSTITION |
| 650 ## - SUBJECT ADDED ENTRY--TOPICAL TERM | |
| Topical Term | SUPERSTITION - INDIA |
| 650 ## - SUBJECT ADDED ENTRY--TOPICAL TERM | |
| Topical Term | COLLEGE TEACHERS - PSYCHOLOGY |
| 650 ## - SUBJECT ADDED ENTRY--TOPICAL TERM | |
| Topical Term | FOLK BELIEFS//SUPERSTITION |
| 650 ## - SUBJECT ADDED ENTRY--TOPICAL TERM | |
| Topical Term | RELIGIONS///SUPERSTITION |
| 710 ## - ADDED ENTRY--CORPORATE NAME | |
| Corporate name or jurisdiction name as entry element | Pande, C.G. |
| 942 ## - ADDED ENTRY ELEMENTS (KOHA) | |
| Koha item type | Thesis |
| Source of classification or shelving scheme | Dewey Decimal Classification |
| Withdrawn status | Lost status | Damaged status | Not for loan | Home library | Current library | Date acquired | Full call number | Accession Number | Price effective from | Koha item type |
|---|---|---|---|---|---|---|---|---|---|---|
| NASSDOC Library | NASSDOC Library | 08/10/2004 | TS.0605 | 14109 | 18/04/2019 | Thesis |
